• 首页
  • 本馆介绍
  • 公告通知
  • 最新文献
  • 馆藏检索
  • 电子资源
  • 读者导购
  • 参考咨询
  • 我的图书馆
  • 登录
  • 详细信息显示
  • 放入我的书架
  • 预约/预借图书
  • 作者相关作品
  • 分类相关作品
  • 丛书相关作品
  • 出版社相关作品

书目信息

  • 表格格式
  • 工作单格式
  • 卡片格式
题名:
中国历史 全一册
    
 
作者: ;山东省教学研究室 编
分册:  
出版信息: 济南   山东教育出版社  1988
页数: 109页
开本: 19cm
丛书名:
单 册:
中图分类: G633.53
科图分类:
主题词: 历史--初中--课外读物--中国 , 中国历史--初中--课外读物
电子资源:
ISBN: 7-5328-0316-3
000 00786cam0 2200253 450
001 0100245938
005 20070604154232.0
010    @a7-5328-0316-3@dCNY0.57
011    @a7-5328-0316-3
100    @a19910417d1988 m y0chiy0110 ea
101 0  @achi
102    @aCN@b370000
105    @ay z 000yy
106    @ar
200 1  @a中国历史 全一册@9Zhong Guo Li Shi   Quan Yi Ce @e初中一年级上学期用@f山东省教学研究室编@b专著
210    @a济南@c山东教育出版社@d1988
215    @a109页@d19cm
300    @a中学生学习读物 
606 0  @a历史@x初中@x课外读物@y中国
606 0  @a中国历史@x初中@x课外读物
690    @aG633.53@v1980
711 02 @a山东省教学研究室@9shan dong sheng jiao xue yan jiu shi@4编
801  0 @aCN@bAiZhiMarc@c19910417
905    @aBZT@dG633.53@e5@f1@sG633.53/5
    
    中国历史 全一册:初中一年级上学期用/山东省教学研究室编.-济南:山东教育出版社,1988
    109页;19cm
    中学生学习读物
    
    ISBN 7-5328-0316-3:CNY0.57
    
●
相关链接 在五车中查询图书 在当当中查询图书 在豆瓣中查询图书


正题名:中国历史 全一册     索取号:G633.53/5         预约/预借

序号 登录号 条形码 馆藏地/架位号 状态 备注
1 2000087409   2000087409   旧书回溯/ [索取号:G633.53/5] 在馆    
山东省滨州职业学院图书馆 欢迎您!
大连网信软件有限公司© 版权所有